00801nam a2200205 a 4500003000700000005001700007008004100024040003300065041000800098050002100106110006400127245018600191260004000377300001700417336002800434337003000462338002700492650004000519650003600559CBULib20231117134353.0111031s2011 ||||||||||||||||| || u aCBULibbEnglishcCBULiberda aeng aUNCTAD(02)2011/8 aUnited Nations Conference on Trade and Development (UNCTAD)10aRegional monetary cooperation and growth-enhancing policies: the new challenges for Latin America and the Caribbeanc/ by United Nations Conference on Trade and Development (UNCTAD) aNew York : bUnited Nations,c2011. aix, 71 pages 2rdacontentaText |btxt 2rdamediaaUnmediated |bn 2rdacarrieraVolumebnc aECONOMIC COOPERATION--LATIN AMERICA aECONOMIC POLICY--CARIBBEAN AREA